000 00518nam a2200193 a 4500
001 16809
003 CO-ViMGA
008 141112s2004 ck r 000 u spa d
020 _a9682443393
040 _aCO-ViMGA
_bspa
_cCO-ViMGA
082 0 4 _a348.843 S152m
100 1 _aSanchez Urrúa de Ochoa, Patricia
_923772
245 1 0 _aMadres solas
260 _aMexico,
_cTrillas,
_c1998
300 _a174.p.
590 _aForma de adquisición : Premio - Mincultura
650 1 4 _aMADRES SOLTERAS
_923773
942 _2ddc
_cBK
999 _c26459
_d26459